[Event "Moscow op U26"]
[White "Uljianova, Nadezhda"]
[Black "Severiukhina, Zoja"]
[Site "Moscow"]
[Round "9"]
[Result "0-1"]
[Date "2012.02.05"]
[WhiteElo "2004"]
[BlackElo "2279"]
[PlyCount "48"]
[EventDate "2012.01.28"]
[EventType "swiss"]
[EventRounds "9"]
[EventCountry "RUS"]
[SourceTitle "EXT 2013"]
[Source "ChessBase"]
[SourceDate "2012.11.22"]
[SourceVersion "1"]
[SourceVersionDate "2012.11.22"]
[SourceQuality "1"]

1. d4 d6 2. Nf3 Nf6 3. c4 Nbd7 4. Nc3 e5 5. d5 a5 6. e4 g6 7. h3 Nc5 8. Qc2 Bg7 9. Be3 Nh5 10. g3 0-0 11. Be2 Bd7 12. Nd2 a4 13. Bxh5 gxh5 14. 0-0-0 b5 15. Nxb5 Qb8 16. g4 Bxb5 17. cxb5 Qxb5 18. gxh5 Nd3+ 19. Kb1 Rfb8 20. b3 axb3 21. Nxb3 Nb4 22. Qxc7 Nxa2 23. Qc2 Ra3 24. Rd3 Nb4 0-1

[Event "PriFR-ch (Women) 10th"]
[White "Makarenko, Alexandra"]
[Black "Uljianova, Nadezhda"]
[Site "Perm"]
[Round "9"]
[Result "1-0"]
[Date "2011.01.09"]
[WhiteElo "1931"]
[BlackElo "2028"]
[PlyCount "67"]
[EventDate "2011.01.04"]
[EventType "swiss"]
[EventRounds "9"]
[EventCountry "RUS"]
[SourceTitle "EXT 2022"]
[Source "ChessBase"]
[SourceDate "2021.10.06"]
[SourceVersion "1"]
[SourceVersionDate "2021.10.06"]
[SourceQuality "1"]

1. e4 c5 2. Nf3 Nc6 3. d4 cxd4 4. Nxd4 g6 5. c4 Bg7 6. Nc2 Nf6 7. Nc3 d6 8. Be2 0-0 9. 0-0 b6 10. f3 Bb7 11. Bg5 Qd7 12. Qd2 Rac8 13. Rac1 Ne5 14. b3 Rfd8 15. Rfd1 Qe8 16. Qe3 Qf8 17. Nb5 Ned7 18. Nb4 a6 19. Nc3 e6 20. Nc2 h6 21. Bh4 g5 22. Bg3 Ne8 23. Na4 b5 24. cxb5 axb5 25. Bxb5 Bc6 26. Bxc6 Rxc6 27. Nb4 Rxc1 28. Qxc1 Ndf6 29. Nb6 Nh5 30. Nc6 Nxg3 31. hxg3 Nf6 32. e5 Nd5 33. Nxd5 exd5 34. Nxd8 1-0

[Event "Perm op 07"]
[White "Putilov, Vladimir"]
[Black "Uljianova, Nadezhda"]
[Site "Perm"]
[Round "8"]
[Result "1-0"]
[Date "2009.07.30"]
[WhiteElo "1979"]
[BlackElo "1912"]
[PlyCount "69"]
[EventDate "2009.07.21"]
[EventType "swiss"]
[EventRounds "9"]
[EventCountry "RUS"]
[SourceTitle "EXT 2012"]
[Source "ChessBase"]
[SourceDate "2011.11.24"]
[SourceVersion "1"]
[SourceVersionDate "2011.11.24"]
[SourceQuality "1"]

1. e4 c6 2. d3 d5 3. Nd2 e5 4. Ngf3 Bd6 5. Be2 Nf6 6. 0-0 Nbd7 7. c3 Nf8 8. Nh4 Be7 9. Nf5 Bxf5 10. exf5 h5 11. Nf3 Qd6 12. Nh4 0-0-0 13. g3 N8d7 14. f4 e4 15. d4 Rde8 16. Be3 Kb8 17. a4 Bd8 18. a5 Ng4 19. Ng2 Ndf6 20. c4 Qd7 21. h3 Nh6 22. g4 hxg4 23. hxg4 Reg8 24. a6 dxc4 25. axb7 Nd5 26. Bf2 g6 27. f6 Re8 28. Ne3 Nxf4 29. Bg3 g5 30. Nxc4 Bxf6 31. Rxf4 Bxd4+ 32. Rf2+ Kxb7 33. Nd6+ Ka8 34. Qxd4 Rd8 35. Nb5 1-0

[Event "Moscow op (Women)"]
[White "Uljianova, Nadezhda"]
[Black "Petrukhina, Irina"]
[Site "Moscow"]
[Round "3"]
[Result "1/2-1/2"]
[Date "2009.02.02"]
[WhiteElo "2106"]
[BlackElo "1905"]
[PlyCount "103"]
[EventDate "2009.01.31"]
[EventType "swiss"]
[EventRounds "9"]
[EventCountry "RUS"]
[SourceTitle "EXT 2012"]
[Source "ChessBase"]
[SourceDate "2011.11.24"]
[SourceVersion "1"]
[SourceVersionDate "2011.11.24"]
[SourceQuality "1"]

1. d4 d5 2. c4 c6 3. cxd5 cxd5 4. Nc3 Nf6 5. Bf4 Nc6 6. e3 a6 7. Bd3 Bg4 8. f3 Bh5 9. Nge2 e6 10. Rc1 Bd6 11. Bxd6 Qxd6 12. 0-0 0-0 13. Nf4 Bg6 14. Nxg6 hxg6 15. Na4 Nd7 16. Qd2 Rfc8 17. f4 Rc7 18. a3 Rac8 19. b4 Ne7 20. Nc5 Nb6 21. Rc2 Nc4 22. Bxc4 dxc4 23. Rxc4 b6 24. Ne4 Qd5 25. Rxc7 Rxc7 26. Qd3 Nf5 27. Rd1 Nh4 28. g3 Nf3+ 29. Kg2 f5 30. Kxf3 fxe4+ 31. Qxe4 Qh5+ 32. g4 Qh3+ 33. Ke2 Qxh2+ 34. Kf1 Qh3+ 35. Ke2 Qh2+ 36. Kf1 Rc2 37. Qf3 Qh4 38. d5 exd5 39. Qxd5+ Kh7 40. Qf3 Rh2 41. f5 Rh1+ 42. Ke2 Rh2+ 43. Kf1 Rh1+ 44. Ke2 Qh2+ 45. Kd3 Qd6+ 46. Kc2 Rxd1 47. Qxd1 Qc7+ 48. Kb1 gxf5 49. gxf5 Qc3 50. Qh5+ Kg8 51. Qe8+ Kh7 52. Qh5+ 1/2-1/2

[Event "Perm op 09"]
[White "Uljianova, Nadezhda"]
[Black "Davydov, Stepan"]
[Site "Perm"]
[Round "8"]
[Result "1-0"]
[Date "2008.09.18"]
[WhiteElo "2076"]
[BlackElo "2146"]
[PlyCount "57"]
[EventDate "2008.09.09"]
[EventType "swiss"]
[EventRounds "9"]
[EventCountry "RUS"]
[SourceTitle "EXT 2022"]
[Source "ChessBase"]
[SourceDate "2021.10.06"]
[SourceVersion "1"]
[SourceVersionDate "2021.10.06"]
[SourceQuality "1"]

1. e4 c5 2. Nf3 Nc6 3. Bb5 g6 4. 0-0 Bg7 5. c3 Nf6 6. Re1 0-0 7. d4 cxd4 8. cxd4 d5 9. e5 Ne4 10. Nc3 Bf5 11. Nh4 e6 12. Nxf5 exf5 13. Be3 Rc8 14. Rc1 Qa5 15. Ba4 Rfd8 16. Bb3 h6 17. h4 Ne7 18. Ne2 g5 19. f3 f4 20. Bxf4 gxf4 21. fxe4 dxe4 22. Nxf4 Rxc1 23. Qxc1 Rxd4 24. e6 f5 25. Ng6 Qd8 26. Qc5 Rd6 27. Nxe7+ Qxe7 28. Qxd6 Qxd6 29. e7+ 1-0

[Event "Perm op 09"]
[White "Sterliagova, Tatiana"]
[Black "Uljianova, Nadezhda"]
[Site "Perm"]
[Round "6"]
[Result "1/2-1/2"]
[Date "2008.09.09"]
[WhiteElo "2333"]
[BlackElo "2076"]
[PlyCount "67"]
[EventDate "2008.09.09"]
[EventType "swiss"]
[EventRounds "9"]
[EventCountry "RUS"]
[SourceTitle "EXT 2022"]
[Source "ChessBase"]
[SourceDate "2021.10.06"]
[SourceVersion "1"]
[SourceVersionDate "2021.10.06"]
[SourceQuality "1"]

1. d4 Nf6 2. c4 e5 3. e3 exd4 4. exd4 d5 5. Nc3 Be7 6. Nf3 0-0 7. Be2 dxc4 8. Bxc4 Bg4 9. 0-0 Nbd7 10. Be2 Nb6 11. h3 Bh5 12. Bg5 h6 13. Bh4 c6 14. Re1 Re8 15. Ne5 Bxe2 16. Rxe2 Nbd5 17. Qb3 Qb6 18. Qc4 Qb4 19. Rae1 Qxc4 20. Nxc4 Bb4 21. Bxf6 Nxf6 22. a3 Bxc3 23. bxc3 Rxe2 24. Rxe2 Nd5 25. Rc2 Re8 26. Na5 Re7 27. g3 b6 28. Nxc6 Rc7 29. Nb4 Rxc3 30. Kf1 Kf8 31. Ke1 a5 32. Rxc3 Nxc3 33. Nc2 Ke7 34. Kd2 1/2-1/2

[Event "Perm op 09"]
[White "Uljianova, Nadezhda"]
[Black "Baranova, Margarita"]
[Site "Perm"]
[Round "1"]
[Result "1-0"]
[Date "2007.09.12"]
[WhiteElo "1964"]
[BlackElo "2039"]
[PlyCount "39"]
[EventDate "2007.09.12"]
[EventType "swiss"]
[EventRounds "8"]
[EventCountry "RUS"]
[SourceTitle "EXT 2022"]
[Source "ChessBase"]
[SourceDate "2021.10.06"]
[SourceVersion "1"]
[SourceVersionDate "2021.10.06"]
[SourceQuality "1"]

1. d4 d5 2. c4 e6 3. Nc3 Bb4 4. cxd5 Bxc3+ 5. bxc3 exd5 6. Nf3 Nf6 7. Ba3 Nc6 8. e3 a6 9. Rb1 Ne7 10. Bd3 0-0 11. 0-0 Re8 12. Qc2 h6 13. Ne5 Ng4 14. Nxg4 Bxg4 15. Rxb7 Be6 16. Rfb1 Nc8 17. Rb8 Rxb8 18. Rxb8 c6 19. Qb3 Qc7 20. Bxa6 1-0

[Event "RUS-ch (Women) 1st League 57th"]
[White "Bukhteeva, Viktoria"]
[Black "Uljianova, Nadezhda"]
[Site "Obninsk"]
[Round "8"]
[Result "0-1"]
[Date "2007.03.03"]
[WhiteElo "2109"]
[BlackElo "2051"]
[PlyCount "58"]
[EventDate "2007.02.24"]
[EventType "swiss"]
[EventRounds "9"]
[EventCountry "RUS"]
[SourceTitle "EXT 2010"]
[Source "ChessBase"]
[SourceDate "2010.11.25"]
[SourceVersion "1"]
[SourceVersionDate "2010.11.25"]
[SourceQuality "1"]

1. e4 c5 2. Nf3 Nc6 3. d4 cxd4 4. Nxd4 Qb6 5. Nb3 Nf6 6. Nc3 e6 7. Be3 Qc7 8. Nb5 Qb8 9. Bd3 a6 10. Nc3 Bb4 11. 0-0 Bxc3 12. bxc3 0-0 13. Bg5 Ne8 14. Nd4 f6 15. Be3 Qc7 16. f4 b5 17. Qh5 e5 18. fxe5 Nxe5 19. a4 bxa4 20. Rxa4 Nd6 21. Nb3 Bb7 22. Nc5 a5 23. Rf4 Ng6 24. Rg4 Nf7 25. Bc4 Bc6 26. Ra1 Qe5 27. Bxf7+ Rxf7 28. Qh3 Qxc3 29. Ra2 Qe1# 0-1

[Event "RUS-ch (Women) 1st League 57th"]
[White "Uljianova, Nadezhda"]
[Black "Karpova, Anna"]
[Site "Obninsk"]
[Round "3"]
[Result "1-0"]
[Date "2007.02.26"]
[WhiteElo "2051"]
[BlackElo "1866"]
[PlyCount "65"]
[EventDate "2007.02.24"]
[EventType "swiss"]
[EventRounds "9"]
[EventCountry "RUS"]
[SourceTitle "EXT 2010"]
[Source "ChessBase"]
[SourceDate "2010.11.25"]
[SourceVersion "1"]
[SourceVersionDate "2010.11.25"]
[SourceQuality "1"]

1. d4 d5 2. c4 c6 3. cxd5 cxd5 4. Nc3 Nf6 5. Bf4 e6 6. e3 Bd6 7. Bxd6 Qxd6 8. Bd3 0-0 9. f4 b6 10. Qe2 a5 11. Nf3 Ba6 12. Bxa6 Nxa6 13. 0-0 Rfc8 14. Ne5 Nb4 15. Rac1 Qe7 16. a3 Na6 17. Na4 Qb7 18. Qb5 Rab8 19. Nc6 Nc7 20. Qxb6 Qxb6 21. Nxb6 Rxb6 22. Ne7+ Kf8 23. Nxc8 Rb7 24. Nd6 Ra7 25. Rc6 Nce8 26. Nxe8 Kxe8 27. Rfc1 Kd7 28. Rb6 Ne4 29. Rcc6 Nd2 30. Rd6+ Ke7 31. Ra6 Rb7 32. Rab6 Rc7 33. Rdc6 1-0

[Event "Perm op 01-B"]
[White "Kashin, Yury"]
[Black "Uljianova, Nadezhda"]
[Site "Perm"]
[Round "6"]
[Result "0-1"]
[Date "2007.01.24"]
[WhiteElo "2033"]
[BlackElo "2051"]
[PlyCount "54"]
[EventDate "2007.01.17"]
[EventType "swiss"]
[EventRounds "8"]
[EventCountry "RUS"]
[SourceTitle "EXT 2019"]
[Source "ChessBase"]
[SourceDate "2018.10.10"]
[SourceVersion "1"]
[SourceVersionDate "2018.10.10"]
[SourceQuality "1"]

1. e4 c5 2. Bc4 e6 3. Nc3 Nc6 4. f4 a6 5. a4 g6 6. Nf3 Bg7 7. 0-0 Nge7 8. d3 0-0 9. Qe1 Nb4 10. Qf2 d5 11. Bb3 Qc7 12. Qe2 b6 13. Nd1 Bb7 14. Nf2 b5 15. c4 bxc4 16. dxc4 dxe4 17. Nxe4 Rad8 18. Bc2 Nxc2 19. Qxc2 Nf5 20. Ra3 Nd4 21. Nxd4 Rxd4 22. Ng5 Rfd8 23. Rh3 h6 24. Nxe6 fxe6 25. Qxg6 Qf7 26. Rxh6 Qxg6 27. Rxg6 Kf7 0-1

[Event "Perm op"]
[White "Zamorin, Nikolai"]
[Black "Uljianova, Nadezhda"]
[Site "Perm"]
[Round "8"]
[Result "1/2-1/2"]
[Date "2006.12.22"]
[WhiteElo "1997"]
[BlackElo "2021"]
[PlyCount "104"]
[EventDate "2006.12.13"]
[EventType "swiss"]
[EventRounds "9"]
[EventCountry "RUS"]
[SourceTitle "EXT 2008"]
[Source "ChessBase"]
[SourceDate "2007.11.25"]
[SourceVersion "1"]
[SourceVersionDate "2007.11.25"]
[SourceQuality "1"]

1. e4 c5 2. Nf3 Nc6 3. d4 cxd4 4. Nxd4 Qb6 5. Nb3 Nf6 6. Bd3 e6 7. 0-0 Be7 8. N1d2 0-0 9. Nf3 Qc7 10. Bg5 d6 11. c4 Nb4 12. Nbd4 Nxd3 13. Qxd3 a6 14. Rad1 b6 15. b3 Bb7 16. Rfe1 Rfd8 17. Bh4 Rac8 18. Ng5 Qd7 19. Ngf3 h6 20. h3 Nh5 21. Bxe7 Qxe7 22. Qe3 Nf6 23. Qd3 Nd7 24. Qb1 Qf6 25. Ne2 Nc5 26. Ng3 Qe7 27. Qb2 f6 28. Qd4 a5 29. Qd2 Qc7 30. Qf4 Qe7 31. Qg4 Qf7 32. Nh4 Kh7 33. Qe2 Rd7 34. Qc2 Kg8 35. Qb1 Na6 36. Rd2 Re8 37. Red1 Red8 38. Nf3 Qe7 39. Nd4 Qf7 40. Nb5 d5 41. exd5 exd5 42. cxd5 Rxd5 43. Rxd5 Rxd5 44. Nc3 Rxd1+ 45. Qxd1 Qe7 46. Qd4 Nc5 47. Qe3 Qd7 48. f3 Kf7 49. Nge4 Nxe4 50. Nxe4 Bxe4 51. Qxe4 Qd1+ 52. Kh2 Qd6+ 1/2-1/2

[Event "Perm op"]
[White "Chechurin, Yury"]
[Black "Uljianova, Nadezhda"]
[Site "Perm"]
[Round "4"]
[Result "1-0"]
[Date "2006.12.18"]
[WhiteElo "1912"]
[BlackElo "2021"]
[PlyCount "145"]
[EventDate "2006.12.13"]
[EventType "swiss"]
[EventRounds "9"]
[EventCountry "RUS"]
[SourceTitle "EXT 2008"]
[Source "ChessBase"]
[SourceDate "2007.11.25"]
[SourceVersion "1"]
[SourceVersionDate "2007.11.25"]
[SourceQuality "1"]

1. e4 d5 2. exd5 Qxd5 3. Qf3 Qd8 4. Bc4 Nf6 5. Ne2 Nc6 6. Bb3 Bg4 7. Qe3 e6 8. f3 Bf5 9. c3 Be7 10. d4 Qd7 11. Ng3 Bg6 12. Nd2 Na5 13. Bd1 Nd5 14. Qf2 Nf4 15. 0-0 Nd3 16. Qe2 0-0 17. b4 Nc6 18. Nde4 Nxc1 19. Rxc1 Rad8 20. Qb5 Qc8 21. Bb3 a6 22. Qe2 h6 23. f4 Rfe8 24. Ba4 b5 25. Bb3 Bf8 26. Qf3 Ne7 27. h4 Nd5 28. h5 Bh7 29. Ne2 c6 30. Nf2 Bd6 31. g3 Qd7 32. Ne4 Be7 33. Kg2 Nf6 34. Nxf6+ Bxf6 35. g4 Qc7 36. Rcd1 Rd7 37. Ng3 Qd6 38. Ne4 Bxe4 39. Qxe4 Qc7 40. Rf3 Red8 41. Rg3 Bh4 42. Rf3 Bf6 43. Bc2 Re8 44. Qh7+ Kf8 45. g5 hxg5 46. fxg5 Bxg5 47. Qh8+ Ke7 48. Qxg7 Bf4 49. Rdf1 e5 50. Re1 Kd8 51. Qf6+ Rde7 52. dxe5 Bxe5 53. Qf5 Rg8+ 54. Kf1 f6 55. Rd1+ Ke8 56. Qh3 Reg7 57. Bg6+ Ke7 58. Qf5 Qc8 59. Qxc8 Rxc8 60. Rfd3 Ke6 61. Kf2 Rf8 62. Rg1 Rfg8 63. Kf3 Ke7 64. Ke4 Rd8 65. h6 Rgg8 66. h7 Rh8 67. Rgd1 Rxd3 68. Rxd3 Bd6 69. Kf5 Be5 70. Ke4 Bd6 71. Bf5 Rd8 72. Rd2 Kf7 73. Rxd6 1-0

[Event "Perm AVGRT op"]
[White "Uljianova, Nadezhda"]
[Black "Iljiushenok, Ilia"]
[Site "Perm"]
[Round "9"]
[Result "0-1"]
[Date "2006.08.11"]
[WhiteElo "2039"]
[BlackElo "2115"]
[PlyCount "88"]
[EventDate "2006.08.03"]
[EventType "swiss"]
[EventRounds "9"]
[EventCountry "RUS"]
[SourceTitle "EXT 2008"]
[Source "ChessBase"]
[SourceDate "2007.11.25"]
[SourceVersion "1"]
[SourceVersionDate "2007.11.25"]
[SourceQuality "1"]

1. d4 Nf6 2. c4 g6 3. Nc3 d5 4. Nf3 Bg7 5. Bg5 Ne4 6. cxd5 Nxg5 7. Nxg5 e6 8. Nf3 exd5 9. e3 0-0 10. Be2 c6 11. b4 Be6 12. 0-0 Nd7 13. a4 f5 14. Qb3 Qe7 15. Rac1 f4 16. b5 fxe3 17. fxe3 Bf7 18. Nd1 c5 19. dxc5 Nxc5 20. Qb4 b6 21. Re1 Rac8 22. Bf1 Qf6 23. Nd4 Nd3 24. Bxd3 Rxc1 25. Rf1 Qh4 26. Qd2 Rcc8 27. Rf4 Qe7 28. Nc6 Qd7 29. Nf2 Be6 30. Qb4 Rxf4 31. exf4 Re8 32. h3 Kh8 33. Nd4 Qe7 34. Qxe7 Rxe7 35. Nc6 Rc7 36. Kf1 Bd7 37. Ne5 Bxe5 38. fxe5 Rc1+ 39. Ke2 Ra1 40. Bc2 Ra2 41. Kd2 Bf5 42. Nd3 Kg7 43. g4 Bxd3 44. Kxd3 Kf7 0-1

[Event "Perm AVGRT op"]
[White "Uljianova, Nadezhda"]
[Black "Davydov, Stepan"]
[Site "Perm"]
[Round "7"]
[Result "1-0"]
[Date "2006.08.09"]
[WhiteElo "2039"]
[BlackElo "1962"]
[PlyCount "91"]
[EventDate "2006.08.03"]
[EventType "swiss"]
[EventRounds "9"]
[EventCountry "RUS"]
[SourceTitle "EXT 2008"]
[Source "ChessBase"]
[SourceDate "2007.11.25"]
[SourceVersion "1"]
[SourceVersionDate "2007.11.25"]
[SourceQuality "1"]

1. d4 d5 2. c4 c6 3. cxd5 cxd5 4. Nc3 Nf6 5. e4 e6 6. exd5 exd5 7. Nf3 Nc6 8. Bg5 Be7 9. h3 0-0 10. Bb5 Ne4 11. Bxe7 Nxe7 12. 0-0 Qb6 13. Qe2 Bf5 14. Rfd1 a6 15. Bd3 Rfe8 16. Rac1 Rad8 17. Qc2 Ng6 18. Re1 h6 19. Nxd5 Qa5 20. Bxe4 Bxe4 21. Rxe4 Qxd5 22. Rxe8+ Rxe8 23. Qc4 Qf5 24. Qc5 Qf6 25. Qb4 Nf4 26. Re1 Rxe1+ 27. Nxe1 Qxd4 28. Qxd4 Ne2+ 29. Kf1 Nxd4 30. Nd3 b6 31. Ke1 Kf8 32. Kd2 Ke7 33. Nb4 Kd6 34. Nxa6 Ne6 35. Ke3 g5 36. g3 f5 37. Nb4 h5 38. Nd3 Kd5 39. h4 gxh4 40. gxh4 Kd6 41. Nf4 Ng7 42. Kd4 b5 43. a3 Kc6 44. b3 Kd6 45. a4 bxa4 46. bxa4 1-0

[Event "RUS-ch (Women) 56th"]
[White "Lomako, Anna"]
[Black "Uljianova, Nadezhda"]
[Site "Orel"]
[Round "9"]
[Result "1-0"]
[Date "2006.07.07"]
[WhiteElo "2304"]
[BlackElo "1984"]
[PlyCount "71"]
[EventDate "2006.06.28"]
[EventType "swiss"]
[EventRounds "9"]
[EventCountry "RUS"]
[SourceTitle "CBM 113 Extra"]
[Source "ChessBase"]
[SourceDate "2006.09.14"]
[SourceVersion "1"]
[SourceVersionDate "2006.09.14"]
[SourceQuality "1"]

1. e4 c5 2. Nc3 Nc6 3. Bb5 g6 4. Bxc6 dxc6 5. d3 Bg7 6. Be3 b6 7. Qd2 h6 8. h3 Nf6 9. f4 Nd7 10. Nf3 e5 11. 0-0-0 exf4 12. Bxf4 Nf8 13. e5 Ne6 14. Bg3 0-0 15. Ne4 Nd4 16. Rhf1 Be6 17. Kb1 Qd5 18. c4 Qd7 19. Nf6+ Bxf6 20. exf6 Kh7 21. Ne5 Qc8 22. Bf4 h5 23. g4 h4 24. Qf2 Rh8 25. Qxh4+ Kg8 26. Qg5 Kf8 27. Nxg6+ fxg6 28. Qxg6 Qd7 29. Bh6+ Rxh6 30. Qxh6+ Kg8 31. g5 Nf5 32. Rxf5 Bxf5 33. g6 Bxg6 34. Qxg6+ Kf8 35. Qh6+ Kf7 36. Qg7+ 1-0

[Event "RUS-ch (Women) 56th"]
[White "Uljianova, Nadezhda"]
[Black "Tarasova, Viktoriya"]
[Site "Orel"]
[Round "8"]
[Result "0-1"]
[Date "2006.07.06"]
[WhiteElo "1984"]
[BlackElo "2276"]
[PlyCount "78"]
[EventDate "2006.06.28"]
[EventType "swiss"]
[EventRounds "9"]
[EventCountry "RUS"]
[SourceTitle "CBM 113 Extra"]
[Source "ChessBase"]
[SourceDate "2006.09.14"]
[SourceVersion "1"]
[SourceVersionDate "2006.09.14"]
[SourceQuality "1"]

1. d4 Nf6 2. c4 g6 3. Nc3 Bg7 4. e4 d6 5. Nf3 0-0 6. h3 c5 7. d5 e6 8. Bd3 exd5 9. exd5 Na6 10. 0-0 Nc7 11. Bf4 b5 12. cxb5 Ncxd5 13. Nxd5 Nxd5 14. Bg5 Nf6 15. Qc2 Bb7 16. Nd2 Qd7 17. Rad1 Rac8 18. a4 h6 19. Bh4 Rfe8 20. Rfe1 Nd5 21. Be4 Nb4 22. Qb1 d5 23. Bf3 f5 24. Nb3 Rxe1+ 25. Rxe1 g5 26. Bg3 c4 27. Nc1 Rf8 28. Rd1 Qe6 29. Kh1 g4 30. hxg4 fxg4 31. Be2 d4 32. Bf1 Re8 33. Na2 Be4 34. Qa1 Nc2 35. Qc1 c3 36. Bd3 Bxd3 37. Rxd3 Qxa2 38. Qxc2 Re1+ 39. Kh2 Qxb2 0-1

[Event "RUS-ch (Women) 56th"]
[White "Ubiennykh, Ekaterina"]
[Black "Uljianova, Nadezhda"]
[Site "Orel"]
[Round "3"]
[Result "1-0"]
[Date "2006.07.01"]
[WhiteElo "2282"]
[BlackElo "1984"]
[PlyCount "67"]
[EventDate "2006.06.28"]
[EventType "swiss"]
[EventRounds "9"]
[EventCountry "RUS"]
[SourceTitle "CBM 113 Extra"]
[Source "ChessBase"]
[SourceDate "2006.09.14"]
[SourceVersion "1"]
[SourceVersionDate "2006.09.14"]
[SourceQuality "1"]

1. d4 c5 2. d5 g6 3. e4 Bg7 4. Nf3 d6 5. Bb5+ Bd7 6. a4 Nf6 7. Nc3 0-0 8. 0-0 Bxb5 9. axb5 Nbd7 10. Qe2 Qc7 11. Bg5 Rfe8 12. Nd2 e6 13. dxe6 Rxe6 14. Qf3 Ne5 15. Qg3 Nh5 16. Qh4 h6 17. Nd5 Qd7 18. Be3 Qd8 19. Qxd8+ Rxd8 20. Rxa7 Ng4 21. Rxb7 Nxe3 22. fxe3 Nf6 23. Ne7+ Kf8 24. Nc6 Rd7 25. Rb8+ Re8 26. Rxe8+ Kxe8 27. Ra1 Rb7 28. c4 Kd7 29. Ra8 Ng4 30. Nb3 Ne5 31. Nba5 Rb6 32. Ra7+ Kc8 33. Nxe5 Bxe5 34. Rxf7 1-0

[Event "RUS-ch (Women) 56th"]
[White "Uljianova, Nadezhda"]
[Black "Bezgodova, Svetlana"]
[Site "Orel"]
[Round "2"]
[Result "0-1"]
[Date "2006.06.30"]
[WhiteElo "1984"]
[BlackElo "2243"]
[PlyCount "68"]
[EventDate "2006.06.28"]
[EventType "swiss"]
[EventRounds "9"]
[EventCountry "RUS"]
[SourceTitle "CBM 113 Extra"]
[Source "ChessBase"]
[SourceDate "2006.09.14"]
[SourceVersion "1"]
[SourceVersionDate "2006.09.14"]
[SourceQuality "1"]

1. d4 d5 2. c4 e6 3. Nc3 c5 4. cxd5 exd5 5. Nf3 Nc6 6. g3 Nf6 7. Bg2 Be7 8. 0-0 0-0 9. Bg5 cxd4 10. Nxd4 h6 11. Bf4 Bg4 12. h3 Be6 13. Rc1 Qd7 14. Nxe6 fxe6 15. e4 d4 16. e5 Ne8 17. Ne2 g5 18. Be3 d3 19. Bxc6 bxc6 20. Nd4 c5 21. Nb3 Rd8 22. Qd2 Ng7 23. Rfd1 Rf3 24. Nxc5 Bxc5 25. Bxc5 Nf5 26. Rc3 Qb7 27. Kh2 Rd7 28. Bd6 Nd4 29. Bc5 Ne2 30. Rb3 Qe4 31. Be3 Rdf7 32. Rf1 Nxg3 33. Rg1 Ne2 34. Rg4 Rxf2+ 0-1